LEARNING TEACHING AND ASSESSMENT (Record no. 33233)

MARC details
000 -LEADER
fixed length control field 00311nam a22001337a 4500
003 - CONTROL NUMBER IDENTIFIER
control field SGT
020 ## - INTERNATIONAL STANDARD BOOK NUMBER
International Standard Book Number 9789349202795
082 ## - DEWEY DECIMAL CLASSIFICATION NUMBER
Classification number 371.3,YAD
100 ## - MAIN ENTRY--PERSONAL NAME
Personal name YADAV, PRIYANKA
245 ## - TITLE STATEMENT
Title LEARNING TEACHING AND ASSESSMENT
260 ## - PUBLICATION, DISTRIBUTION, ETC. (IMPRINT)
Place of publication, distribution, etc NEW DELHI
Name of publisher, distributor, etc V. R BOOK INTERNATIONAL
Year of Publication 2025
300 ## - PAGE DESCRIPTION
No. of Pages 262
942 ## - ADDED ENTRY ELEMENTS (KOHA)
Source of classification or shelving scheme Dewey Decimal Classification
Koha item type Books
Holdings
Withdrawn status Lost status Source of classification or shelving scheme Damaged status Not for loan Collection code Home library Current library Shelving location Date acquired Vendor Name Cost, normal purchase price SGTU Total Checkouts Full call number Accession No. (Barcode) Date last seen Bill Date Koha item type
    Dewey Decimal Classification   Not For Loan EDUCATION SGT Engineering Library SGT Engineering Library Reference Book 24/12/2025 SGTU FACULTY PUBLICATIONS 800.00 SGTU   371.3,YAD ED5434 24/12/2025 24/12/2025 Books